[Event "XXVI Miedzynarodowy Festiwal Szachowy im.Jozefa Dominika"]
[Site "Dobczyce"]
[Date "2018.07.15"]
[Round "9.4"]
[White "Marzec, Karol"]
[Black "Lewtak, Dominik"]
[Result "0-1"]
[BlackElo "2164"]
[WhiteElo "2006"]
[LiveChessVersion "1.4.8"]

1. e4 {[%clk 1:30:53]} c5 {[%clk 1:30:54]} 2. c3 {[%clk 1:31:15]} Nf6
{[%clk 1:31:17]} 3. e5 {[%clk 1:31:29]} Nd5 {[%clk 1:31:41]} 4. d4
{[%clk 1:31:44]} cxd4 {[%clk 1:32:06]} 5. cxd4 {[%clk 1:32:04]} d6
{[%clk 1:31:47]} 6. Nf3 {[%clk 1:32:02]} Nc6 {[%clk 1:31:25]} 7. Be2
{[%clk 1:30:49]} g6 {[%clk 1:29:05]} 8. Qb3 {[%clk 1:28:49]} Nb6 {[%clk 1:22:46]}
9. O-O {[%clk 1:26:49]} Bg7 {[%clk 1:22:16]} 10. exd6 {[%clk 1:26:34]} Qxd6
{[%clk 1:22:24]} 11. Be3 {[%clk 1:26:10]} O-O {[%clk 1:21:59]} 12. Nc3
{[%clk 1:25:53]} Be6 {[%clk 1:19:57]} 13. Qb5 {[%clk 1:23:36]} Nd5
{[%clk 1:12:46]} 14. Nxd5 {[%clk 1:22:32]} Bxd5 {[%clk 1:13:00]} 15. a3
{[%clk 1:14:31]} a6 {[%clk 1:09:20]} 16. Qb6 {[%clk 1:12:29]} Rfd8
{[%clk 1:03:32]} 17. Rfd1 {[%clk 1:10:09]} Rd7 {[%clk 1:00:05]} 18. Rd2
{[%clk 1:09:21]} Bxf3 {[%clk 0:56:06]} 19. Bxf3 {[%clk 1:08:13]} Nxd4
{[%clk 0:55:56]} 20. Bxd4 {[%clk 1:07:37]} Qxb6 {[%clk 0:56:14]} 21. Bxb6
{[%clk 1:07:08]} Rxd2 {[%clk 0:56:39]} 22. Bxb7 {[%clk 1:07:06]} Rb8
{[%clk 0:56:48]} 23. Be3 {[%clk 1:06:56]} Rxb2 {[%clk 0:57:12]} 24. Bxa6
{[%clk 1:07:04]} R2b6 {[%clk 0:56:23]} 25. Bxb6 {[%clk 1:06:53]} Rxb6
{[%clk 0:56:48]} 0-1

[Event "XXVI Miedzynarodowy Festiwal Szachowy im.Jozefa Dominika"]
[Site "Dobczyce"]
[Date "2018.07.15"]
[Round "9.5"]
[White "Golenia, Wojciech"]
[Black "Golenia, Jan"]
[Result "1-0"]
[BlackElo "1986"]
[WhiteElo "1984"]
[LiveChessVersion "1.4.8"]

1. d4 {[%clk 1:29:17]} Nf6 {[%clk 1:30:07]} 2. Bg5 {[%clk 1:28:16]} c5
{[%clk 1:28:27]} 3. Nc3 {[%clk 1:26:37]} cxd4 {[%clk 1:24:40]} 4. Qxd4
{[%clk 1:25:17]} Nc6 {[%clk 1:24:35]} 5. Qh4 {[%clk 1:25:36]} e6 {[%clk 1:20:40]}
6. e4 {[%clk 1:23:39]} Be7 {[%clk 1:18:44]} 7. f4 {[%clk 1:20:11]} O-O
{[%clk 1:10:08]} 8. O-O-O {[%clk 1:15:21]} a6 {[%clk 1:02:55]} 9. Nf3
{[%clk 1:06:41]} Ne8 {[%clk 1:00:11]} 10. e5 {[%clk 1:00:54]} b5 {[%clk 0:55:39]}
11. Bd3 {[%clk 0:59:07]} h6 {[%clk 0:53:45]} 12. Be4 {[%clk 0:55:46]} Bxg5
{[%clk 0:52:22]} 13. fxg5 {[%clk 0:55:36]} Bb7 {[%clk 0:52:27]} 14. Qh5
{[%clk 0:54:20]} Na5 {[%clk 0:50:00]} 15. Bxb7 {[%clk 0:51:40]} Nxb7
{[%clk 0:50:17]} 16. gxh6 {[%clk 0:51:42]} g6 {[%clk 0:50:15]} 17. Qg4
{[%clk 0:51:41]} d5 {[%clk 0:49:45]} 18. h4 {[%clk 0:51:09]} Kh8 {[%clk 0:49:12]}
19. h5 {[%clk 0:51:04]} Rg8 {[%clk 0:49:32]} 20. Ng5 {[%clk 0:49:55]} Qe7
{[%clk 0:49:18]} 21. h7 {[%clk 0:44:55]} Rg7 {[%clk 0:47:19]} 22. h6
{[%clk 0:44:08]} Rxh7 {[%clk 0:47:34]} 23. Nxh7 {[%clk 0:44:28]} Kxh7
{[%clk 0:47:58]} 24. Rdf1 {[%clk 0:44:09]} Nd8 {[%clk 0:48:00]} 25. Ne2
{[%clk 0:42:54]} Rc8 {[%clk 0:47:50]} 26. Nd4 {[%clk 0:43:08]} b4
{[%clk 0:47:09]} 27. Nf3 {[%clk 0:42:21]} Qc7 {[%clk 0:46:58]} 28. Rf2
{[%clk 0:42:27]} a5 {[%clk 0:46:19]} 29. Ng5+ {[%clk 0:42:42]} Kh8
{[%clk 0:46:47]} 30. Qf4 {[%clk 0:42:52]} 1-0

[Event "XXVI Miedzynarodowy Festiwal Szachowy im.Jozefa Dominika"]
[Site "Dobczyce"]
[Date "2018.07.15"]
[Round "9.6"]
[White "Kucharski, Bartlomiej"]
[Black "Mirski, Michal"]
[Result "1/2-1/2"]
[BlackElo "1973"]
[WhiteElo "1861"]
[LiveChessVersion "1.4.8"]

1. e4 {[%clk 1:30:58]} c5 {[%clk 1:30:57]} 2. Nf3 {[%clk 1:31:22]} d6
{[%clk 1:31:24]} 3. d4 {[%clk 1:31:47]} cxd4 {[%clk 1:31:51]} 4. Qxd4
{[%clk 1:32:11]} Nc6 {[%clk 1:30:50]} 5. Bb5 {[%clk 1:32:33]} Bd7
{[%clk 1:31:05]} 6. Bxc6 {[%clk 1:32:54]} Bxc6 {[%clk 1:31:09]} 7. Nc3
{[%clk 1:33:15]} Nf6 {[%clk 1:31:20]} 8. Bg5 {[%clk 1:33:26]} e6 {[%clk 1:30:41]}
9. O-O-O {[%clk 1:33:06]} Be7 {[%clk 1:28:08]} 10. Qd3 {[%clk 1:32:14]} Qa5
{[%clk 1:25:45]} 11. h4 {[%clk 1:31:14]} O-O {[%clk 1:15:53]} 12. Nd4
{[%clk 1:29:49]} Rfc8 {[%clk 1:12:26]} 13. f4 {[%clk 1:22:59]} b5
{[%clk 0:55:40]} 14. Nxc6 {[%clk 1:03:03]} Rxc6 {[%clk 0:55:59]} 15. e5
{[%clk 1:03:19]} dxe5 {[%clk 0:39:20]} 16. fxe5 {[%clk 1:03:39]} b4
{[%clk 0:39:38]} 17. exf6 {[%clk 0:57:57]} Rxc3 {[%clk 0:39:43]} 18. fxe7
{[%clk 0:57:32]} Rxd3 {[%clk 0:38:43]} 19. Rxd3 {[%clk 0:57:56]} f6
{[%clk 0:37:23]} 20. Bd2 {[%clk 0:50:20]} Re8 {[%clk 0:35:52]} 21. a3
{[%clk 0:50:29]} Rxe7 {[%clk 0:22:48]} 22. Bxb4 1/2-1/2

[Event "XXVI Miedzynarodowy Festiwal Szachowy im.Jozefa Dominika"]
[Site "Dobczyce"]
[Date "2018.07.15"]
[Round "9.8"]
[White "Cisek, Kamil"]
[Black "Kawula, Andrzej"]
[Result "0-1"]
[BlackElo "1848"]
[WhiteElo "1726"]
[LiveChessVersion "1.4.8"]

1. d4 {[%clk 1:30:57]} e6 {[%clk 1:30:53]} 2. Nf3 {[%clk 1:31:10]} d5
{[%clk 1:31:17]} 3. c4 {[%clk 1:31:03]} f5 {[%clk 1:31:38]} 4. b3
{[%clk 1:30:32]} Nf6 {[%clk 1:32:00]} 5. g3 {[%clk 1:30:49]} c6 {[%clk 1:32:22]}
6. Bg2 {[%clk 1:30:56]} Be7 {[%clk 1:32:31]} 7. O-O {[%clk 1:30:14]} O-O
{[%clk 1:32:55]} 8. Bb2 {[%clk 1:30:14]} Ne4 {[%clk 1:33:09]} 9. e3
{[%clk 1:27:23]} Nd7 {[%clk 1:32:56]} 10. Ba3 {[%clk 1:26:50]} Bxa3
{[%clk 1:32:42]} 11. Nxa3 {[%clk 1:27:14]} g5 {[%clk 1:32:42]} 12. Nd2
{[%clk 1:24:44]} Ndf6 {[%clk 1:32:21]} 13. f3 {[%clk 1:22:05]} Nxd2
{[%clk 1:32:14]} 14. Qxd2 {[%clk 1:22:31]} Qe7 {[%clk 1:32:34]} 15. Nc2
{[%clk 1:22:21]} g4 {[%clk 1:31:32]} 16. f4 {[%clk 1:16:58]} h5 {[%clk 1:31:46]}
17. Kf2 {[%clk 1:13:21]} h4 {[%clk 1:30:25]} 18. c5 {[%clk 1:06:26]} Kg7
{[%clk 1:28:34]} 19. Nb4 {[%clk 1:02:19]} Rh8 {[%clk 1:22:00]} 20. Nd3
{[%clk 1:01:29]} hxg3+ {[%clk 1:20:45]} 21. hxg3 {[%clk 0:59:10]} b6
{[%clk 1:13:05]} 22. Rh1 {[%clk 0:58:31]} Ba6 {[%clk 1:12:10]} 23. b4
{[%clk 0:50:04]} Bxd3 {[%clk 1:08:15]} 24. Qxd3 {[%clk 0:50:27]} Rh5
{[%clk 1:06:47]} 25. Rxh5 {[%clk 0:50:09]} Nxh5 {[%clk 1:07:15]} 26. Rh1
{[%clk 0:49:09]} Kg6 {[%clk 1:06:37]} 27. Rh4 {[%clk 0:43:31]} Nf6
{[%clk 1:04:08]} 28. Qa6 {[%clk 0:41:45]} Rb8 {[%clk 1:03:31]} 29. a3
{[%clk 0:41:50]} bxc5 {[%clk 0:53:33]} 30. dxc5 {[%clk 0:42:09]} Qb7
{[%clk 0:53:04]} 31. Qa4 {[%clk 0:31:45]} a5 {[%clk 0:49:14]} 32. Qxa5
{[%clk 0:31:37]} Ra8 {[%clk 0:35:05]} 33. Qb6 {[%clk 0:31:43]} Qc8
{[%clk 0:34:23]} 34. Rh1 {[%clk 0:30:47]} Nd7 {[%clk 0:34:23]} 35. Rh4 Nf6 36. b5
cxb5 37. Qxb5 Rxa3 0-1

[Event "XXVI Miedzynarodowy Festiwal Szachowy im.Jozefa Dominika"]
[Site "Dobczyce"]
[Date "2018.07.15"]
[Round "9.9"]
[White "Mirowska, Oliwia"]
[Black "Kuciel, Wladyslaw"]
[Result "0-1"]
[BlackElo "1963"]
[WhiteElo "1429"]
[LiveChessVersion "1.4.8"]

1. f4 {[%clk 1:30:50]} c5 {[%clk 1:30:54]} 2. Nf3 {[%clk 1:30:55]} d5
{[%clk 1:31:17]} 3. g3 {[%clk 1:31:12]} Nf6 {[%clk 1:31:39]} 4. Bg2
{[%clk 1:31:32]} Nc6 {[%clk 1:32:01]} 5. d3 {[%clk 1:31:56]} g6 {[%clk 1:31:58]}
6. O-O {[%clk 1:32:10]} Bg7 {[%clk 1:32:19]} 7. c3 {[%clk 1:32:33]} O-O
{[%clk 1:32:38]} 8. Na3 {[%clk 1:32:42]} Rb8 {[%clk 1:31:32]} 9. Nc2
{[%clk 1:32:58]} b6 {[%clk 1:31:20]} 10. e3 {[%clk 1:33:11]} Bb7 {[%clk 1:31:28]}
11. Qe2 {[%clk 1:33:13]} Re8 {[%clk 1:31:24]} 12. e4 {[%clk 1:32:03]} dxe4
{[%clk 1:30:18]} 13. dxe4 {[%clk 1:32:20]} e5 {[%clk 1:24:17]} 14. f5
{[%clk 1:30:51]} Nxe4 {[%clk 1:21:49]} 15. fxg6 {[%clk 1:16:17]} hxg6
{[%clk 1:21:42]} 16. Nh4 {[%clk 1:10:46]} Nd6 {[%clk 1:20:18]} 17. Be3
{[%clk 1:09:34]} Nd4 {[%clk 1:18:57]} 18. Qf2 {[%clk 1:06:15]} Bxg2
{[%clk 1:17:29]} 19. Qxg2 {[%clk 1:06:29]} Nxc2 {[%clk 1:16:01]} 20. Qxc2
{[%clk 1:06:46]} Qe7 {[%clk 1:14:29]} 21. Rf2 {[%clk 1:05:06]} Nc4
{[%clk 1:12:13]} 22. Qe2 {[%clk 1:05:08]} Nxe3 {[%clk 1:12:01]} 23. Qxe3
{[%clk 1:05:31]} Kh7 {[%clk 1:11:13]} 24. Raf1 {[%clk 1:04:58]} Rf8
{[%clk 1:09:12]} 25. Nf3 {[%clk 1:02:16]} Bh6 {[%clk 1:08:37]} 26. Qe2
{[%clk 1:01:44]} e4 {[%clk 1:07:31]} 27. Nh4 {[%clk 1:01:25]} Rbd8
{[%clk 1:05:56]} 28. Kh1 {[%clk 0:57:15]} e3 {[%clk 1:04:23]} 29. Rf3 Rd2
{[%clk 1:04:25]} 30. Qc4 {[%clk 0:56:47]} f5 {[%clk 1:02:58]} 31. b4
{[%clk 0:51:42]} e2 {[%clk 1:01:32]} 32. Re1 {[%clk 0:51:17]} Rd1
{[%clk 1:01:10]} 33. Ng2 {[%clk 0:51:20]} Bd2 {[%clk 1:00:45]} 34. g4
{[%clk 0:47:04]} Bxe1 {[%clk 1:00:50]} 0-1